000 00428nam a2200193Ia 4500
005 20240823035539.0
008 240823s9999||||xx |||||||||||||| ||und||
020 _a978-0-141-04024-0
041 _aENGLISH
082 _A823.92 Q3
100 _aJane Johnson
245 4 _aThe Sultans Wife
250 _a1st
260 _c2013
_bPenguin Fi
500 _aYES
650 _aNovel
_bEnglish
942 _cBK
999 _c200947
_d200947